[Event "IECC CL2-2020.03 email"]
[Site "IECC email"]
[Date "2020.05.12"]
[Round "?"]
[White "Fielding, Gerald"]
[Black "Quigley, Daniel J"]
[Result "1-0"]
[WhiteElo "2056"]
[BlackElo "2039"]
[PlyCount "29"]
[EventDate "2020.??.??"]
[EventType "tourn (corr)"]
[EventRounds "4"]
[SourceTitle "Corr 2024"]
[Source "ChessBase"]
[SourceDate "2023.10.19"]
[SourceVersion "1"]
[SourceVersionDate "2023.10.19"]
[SourceQuality "1"]
[WhiteTeam "Kanada"]
[BlackTeam "Vereinigte Staaten"]
[WhiteTeamCountry "CAN"]
[BlackTeamCountry "USA"]

1. d4 Nf6 2. c4 g6 3. Nc3 d5 4. cxd5 Nxd5 5. e4 Nxc3 6. bxc3 Bg7 7. Nf3 c5 8. Rb1 0-0 9. Be2 b6 10. 0-0 Bb7 11. Qd3 Ba6 12. Qe3 Qd7 13. Rd1 Qa4 14. Rb3 Qxa2 15. c4 1-0

[Event "TH-S-1227"]
[Site "IECC email"]
[Date "2020.04.04"]
[Round "?"]
[White "Cruz, Eliecer"]
[Black "Quigley, Daniel J"]
[Result "1-0"]
[WhiteElo "2173"]
[BlackElo "2044"]
[PlyCount "41"]
[EventDate "2020.??.??"]
[EventType "tourn (corr)"]
[SourceTitle "Corr 2024"]
[Source "ChessBase"]
[SourceDate "2023.10.19"]
[SourceVersion "1"]
[SourceVersionDate "2023.10.19"]
[SourceQuality "1"]
[WhiteTeam "Kuba"]
[BlackTeam "Vereinigte Staaten"]
[WhiteTeamCountry "CUB"]
[BlackTeamCountry "USA"]

1. c4 e5 2. Nc3 Nf6 3. Nf3 Nc6 4. g3 d5 5. cxd5 Nxd5 6. Bg2 Nb6 7. 0-0 Be7 8. d3 0-0 9. Be3 Bg4 10. a3 f5 11. b4 Bf6 12. Bc5 Re8 13. Rc1 Rb8 14. e4 Nd4 15. exf5 Qd7 16. Nxe5 Bxd1 17. Nxd7 Nxd7 18. Bxd4 Bxd4 19. Rfxd1 c6 20. Rc2 Re7 21. Ne2 1-0

[Event "SEMI Center Counter Gambit -A email"]
[Site "SEMI email"]
[Date "2002.07.15"]
[Round "?"]
[White "Migliorini, Roberto"]
[Black "Quigley, Daniel J"]
[Result "1/2-1/2"]
[WhiteElo "2038"]
[BlackElo "2170"]
[PlyCount "66"]
[EventDate "2002.07.15"]
[EventType "tourn (corr)"]
[EventRounds "8"]
[EventCountry "ITA"]
[SourceTitle "Telechess CBM 097"]
[Source "ChessBase"]
[SourceDate "2003.11.11"]
[SourceVersion "1"]
[SourceVersionDate "2003.11.11"]
[SourceQuality "1"]

1. e4 d5 2. exd5 Qxd5 3. Nc3 Qa5 4. b4 Qxb4 5. a4 Qa5 6. Ba3 Nf6 7. Rb1 c6 8. Nf3 e5 9. Bxf8 Kxf8 10. Bd3 g6 11. 0-0 Nbd7 12. Re1 Kg7 13. Bc4 h6 14. Re2 Qc5 15. d3 Re8 16. Qe1 b6 17. Ne4 Nxe4 18. Rxe4 Bb7 19. a5 f6 20. Ra1 Rad8 21. axb6 axb6 22. Ra7 Bc8 23. Bb3 b5 24. Qa5 Qd6 25. d4 exd4 26. Rxd4 Qb8 27. Rc7 c5 28. Rd5 Re7 29. Rcxc5 Nxc5 30. Rxd8 Nxb3 31. cxb3 Qc7 32. Qxc7 Rxc7 33. h3 h5 1/2-1/2

[Event "SEMI A032 email"]
[Site "SEMI email"]
[Date "2002.05.20"]
[Round "?"]
[White "Hanison, Bernard"]
[Black "Quigley, Daniel J"]
[Result "1/2-1/2"]
[WhiteElo "1855"]
[BlackElo "2163"]
[PlyCount "64"]
[EventDate "2002.05.20"]
[EventType "tourn (corr)"]
[EventRounds "6"]
[EventCountry "ITA"]
[SourceTitle "Telechess CBM 097"]
[Source "ChessBase"]
[SourceDate "2003.11.11"]
[SourceVersion "1"]
[SourceVersionDate "2003.11.11"]
[SourceQuality "1"]

1. d4 d5 2. c4 dxc4 3. Nf3 Nf6 4. e3 e6 5. Bxc4 c5 6. 0-0 a6 7. Qe2 b5 8. Bb3 Bb7 9. a4 b4 10. Rd1 Nbd7 11. Nbd2 Be7 12. Nc4 0-0 13. Nfe5 Qc7 14. a5 Rfd8 15. Bd2 Rac8 16. Rac1 Qb8 17. Ba4 Rc7 18. Qe1 Nxe5 19. dxe5 Ne4 20. f3 Nxd2 21. Rxd2 Rcc8 22. Nb6 Rxd2 23. Nxc8 Rxg2+ 24. Kxg2 Bxc8 25. Qg3 Qc7 26. Qf4 Bd7 27. Bxd7 Qxd7 28. Rc2 b3 29. Rf2 Qb5 30. Qe4 Bf8 31. Rd2 Qxa5 32. Rd1 Qc7 1/2-1/2

[Event "SEMI A032 email"]
[Site "SEMI email"]
[Date "2002.05.20"]
[Round "?"]
[White "Quigley, Daniel J"]
[Black "Hilton, Stephen H"]
[Result "1-0"]
[WhiteElo "2163"]
[BlackElo "1835"]
[PlyCount "37"]
[EventDate "2002.05.20"]
[EventType "tourn (corr)"]
[EventRounds "6"]
[EventCountry "ITA"]
[SourceTitle "Telechess CBM 097"]
[Source "ChessBase"]
[SourceDate "2003.11.11"]
[SourceVersion "1"]
[SourceVersionDate "2003.11.11"]
[SourceQuality "1"]

1. Nf3 Nf6 2. g3 b6 3. Bg2 Bb7 4. 0-0 e6 5. c4 Be7 6. Nc3 0-0 7. d4 d5 8. Ne5 Nbd7 9. Qa4 Nb8 10. Rd1 c6 11. e4 dxc4 12. Qxc4 b5 13. Qb3 Nbd7 14. Bf4 Nh5 15. Nxd7 Qxd7 16. Be5 a6 17. d5 cxd5 18. exd5 exd5 19. Nxd5 1-0

[Event "SEMI A032 email"]
[Site "SEMI email"]
[Date "2002.05.20"]
[Round "?"]
[White "Quigley, Daniel J"]
[Black "Rizzi, Davide"]
[Result "1-0"]
[WhiteElo "2163"]
[BlackElo "1800"]
[PlyCount "101"]
[EventDate "2002.05.20"]
[EventType "tourn (corr)"]
[EventRounds "6"]
[EventCountry "ITA"]
[SourceTitle "Telechess CBM 097"]
[Source "ChessBase"]
[SourceDate "2003.11.11"]
[SourceVersion "1"]
[SourceVersionDate "2003.11.11"]
[SourceQuality "1"]

1. Nf3 c5 2. g3 Nf6 3. Bg2 g6 4. 0-0 Bg7 5. c4 0-0 6. d4 cxd4 7. Nxd4 d6 8. Nc3 Nc6 9. Nxc6 bxc6 10. Bxc6 Rb8 11. Bg2 Qa5 12. Nb5 Bb7 13. Bxb7 Rxb7 14. Bd2 Qa6 15. Bc3 Rc8 16. b3 d5 17. Bxf6 Bxf6 18. Qxd5 Bxa1 19. Rxa1 Rcb8 20. Qd2 h5 21. Rd1 Qe6 22. Nc3 a6 23. Qg5 Kg7 24. e4 h4 25. gxh4 Rh8 26. Kg2 Rh5 27. Qf4 Qc6 28. Nd5 e5 29. Qg3 Rb8 30. Rd3 Rbh8 31. h3 a5 32. Rf3 Qe6 33. Rf6 Qe8 34. Qf3 Rxh4 35. Rxg6+ fxg6 36. Qf6+ Kg8 37. Ne7+ Kh7 38. Qxh4+ Kg7 39. Qg5 Rh5 40. Nf5+ Kg8 41. Qe7 Qf7 42. Qxf7+ Kxf7 43. Nd6+ Ke7 44. Nb7 Rh8 45. Nxa5 Ra8 46. b4 Ke6 47. c5 Ra6 48. a4 Ra7 49. Nc6 Rxa4 50. b5 Kd7 51. Nxe5+ 1-0

[Event "SEMI A028 email"]
[Site "SEMI email"]
[Date "2002.01.15"]
[Round "?"]
[White "Quigley, Daniel J"]
[Black "Rebaudo, Nino"]
[Result "0-1"]
[WhiteElo "2170"]
[BlackElo "1870"]
[PlyCount "50"]
[EventDate "2002.01.15"]
[EventType "tourn (corr)"]
[EventRounds "6"]
[EventCountry "ITA"]
[SourceTitle "Telechess CBM 097"]
[Source "ChessBase"]
[SourceDate "2003.11.11"]
[SourceVersion "1"]
[SourceVersionDate "2003.11.11"]
[SourceQuality "1"]

1. c4 c5 2. g3 Nf6 3. Bg2 g6 4. Nc3 Bg7 5. a3 Nc6 6. Rb1 a5 7. Nh3 0-0 8. Nf4 b6 9. 0-0 Bb7 10. e3 e6 11. b3 d5 12. Bb2 d4 13. exd4 cxd4 14. Nb5 e5 15. Ne2 Re8 16. d3 Qd7 17. f4 Ng4 18. Bh3 f5 19. Bxg4 fxg4 20. fxe5 Rxe5 21. Nf4 Rae8 22. Rf2 Re3 23. Qf1 Ne7 24. Ng2 Nf5 25. Nxe3 Rxe3 0-1

[Event "SEMI A011 email"]
[Site "SEMI email"]
[Date "2000.07.05"]
[Round "?"]
[White "Kalashnikov, Victor Sergeevich"]
[Black "Quigley, Daniel J"]
[Result "1/2-1/2"]
[WhiteElo "2208"]
[BlackElo "2146"]
[PlyCount "64"]
[EventDate "2000.07.05"]
[EventType "tourn (corr)"]
[EventRounds "6"]
[EventCountry "ITA"]
[SourceTitle "Corr 2002"]
[Source "ChessBase"]
[SourceDate "2002.05.23"]
[SourceVersion "1"]
[SourceVersionDate "2002.05.23"]
[SourceQuality "1"]

1. d4 Nf6 2. c4 g6 3. Nc3 d5 4. Nf3 Bg7 5. Qb3 dxc4 6. Qxc4 0-0 7. e4 c6 8. Be2 b5 9. Qb3 a5 10. Qc2 Ne8 11. Be3 f5 12. Rc1 f4 13. Bd2 Nc7 14. Rd1 Bg4 15. Qc1 Bxf3 16. Bxf3 e5 17. 0-0 exd4 18. Bxf4 Ne6 19. Bg3 Qb6 20. Ne2 c5 21. e5 Ra7 22. Bd5 Re7 23. Qg5 Rff7 24. Qg4 Nd7 25. f4 Kh8 26. Bh4 Re8 27. b3 Rf5 28. Be4 Rff8 29. Qh3 Kg8 30. Bd5 Kh8 31. Be4 Kg8 32. Bd5 Kh8 1/2-1/2